| 000 | 00508nam a22001811a 4500 | ||
|---|---|---|---|
| 001 | 7554 | ||
| 003 | OSt | ||
| 005 | 20260204212135.0 | ||
| 008 | 071207s2004||||sp ||||||b||||||||||spa|| | ||
| 020 | _a8420543411 | ||
| 245 | _aPrograma para la mejora de la docencia universitaria / Luis Miguel Villar Angulo (Coordinador). | ||
| 264 | _aEspaña : Pearson | ||
| 300 | _a601 p | ||
| 500 | _aIncluye CD | ||
| 650 | _aPedagogía 2.Educación Superior | ||
| 700 | _aVillar Angulo, Luis MiguelÌ | ||
| 942 |
_2ddc _cBK |
||
| 999 |
_c7554 _d7554 |
||